000 00738nam a22002057a 4500
999 _c3375
_d3375
003 AR-CdUCM
008 190306b ||||| |||| 00| 0 spa d
040 _aMUNICIPALIDAD PROVINCIAL DEL CUSCO
_cBIBLIOTECA MUNICIPAL DEL CUSCO
082 _a498.51 /
_bA35
100 _aAlatrista Camposano, Flor María
_911169
245 _aQuechua /
260 _aCusco :
_bLinea de arte,
_c2013.
300 _a138 paginas ;
_c21 cm.
505 _aLa lengua quechua -- Origen del quechua -- Etimología -- El quechua en la época de los incas -- El quechua en la colonia -- El quechua republicano ...
650 _aLengua quechua
_97426
650 _aGramática
_99175
650 _aEstudio y enseñanza
_92610
942 _2ddc
_cLIBROS
945 _aacv